NLSUI OPAC header image

The UN human rights council (Record no. 32578)

MARC details
000 -LEADER
fixed length control field 00864nam a2200217Ia 4500
003 - CONTROL NUMBER IDENTIFIER
control field OSt
005 - DATE AND TIME OF LATEST TRANSACTION
control field 20210531210306.0
008 - FIXED-LENGTH DATA ELEMENTS--GENERAL INFORMATION
fixed length control field 160316s2011 xxu||||| |||| 00| 0 eng d
020 ## - INTERNATIONAL STANDARD BOOK NUMBER
International Standard Book Number 9780415583992
040 ## - CATALOGING SOURCE
Transcribing agency n
082 ## - DEWEY DECIMAL CLASSIFICATION NUMBER
Classification number 341.481000
Item number RAM
100 ## - MAIN ENTRY--PERSONAL NAME
Personal name Ramcharan Bertrand G
245 ## - TITLE STATEMENT
Title The UN human rights council
260 ## - PUBLICATION, DISTRIBUTION, ETC.
Place of publication, distribution, etc. London
Name of publisher, distributor, etc. Routledge
Date of publication, distribution, etc. 2011
300 ## - PHYSICAL DESCRIPTION
Extent 148p
Dimensions xx
365 ## - TRADE PRICE
Price amount Rs. 1,676
505 ## - FORMATTED CONTENTS NOTE
Formatted contents note Table of contents<br/>Introductio;<br/>1. The Mandate and Roles;<br/>2. Institutional and Procedural Architecture;<br/>3. The Universal Periodic Review;<br/>4. The Legislative Role;<br/>5. Promotional and Educational Role;<br/>6. Preventive Role;<br/>7. Fact-finding Role;<br/>8. Protection Role;<br/>9. The Advisory Committee;<br/>10. NGOs and the Council;<br/>Conclusions
650 ## - SUBJECT ADDED ENTRY--TOPICAL TERM
Topical term or geographic name entry element 1. Human Rights2. UN Human Rights Council
700 ## - ADDED ENTRY--PERSONAL NAME
Personal name
--
942 ## - ADDED ENTRY ELEMENTS (KOHA)
Source of classification or shelving scheme Dewey Decimal Classification
Koha item type BOOKs
Holdings
Withdrawn status Lost status Damaged status Not for loan Home library Current library Shelving location Date acquired Cost, normal purchase price Total Checkouts Full call number Barcode Date last seen Price effective from Koha item type
        . .   30.05.2017 1676.00   341.481 RAM 29521 30.05.2017 30.05.2017 BOOKs